|
|
|
|
| LEADER |
00000naa2a2200000 4500 |
| 001 |
384868 |
| 005 |
20231101063313.0 |
| 035 |
|
|
|a (RuTPU)RU\TPU\prd\12014
|
| 090 |
|
|
|a 384868
|
| 100 |
|
|
|a 20030326a2003 k y0rusy50 ca
|
| 101 |
0 |
|
|a rus
|
| 102 |
|
|
|a RU
|
| 200 |
1 |
|
|a НПО "Системотехника"
|
| 225 |
1 |
|
|a Представляем фирмы
|
| 461 |
|
1 |
|0 (RuTPU)RU\TPU\prd\2287
|t Промышленные АСУ и контроллеры
|o ежемесячный научно-технический производственный журнал
|d 2002-
|
| 463 |
|
1 |
|0 (RuTPU)RU\TPU\prd\11497
|t № 2
|v С. 63-64
|d 2003
|
| 610 |
1 |
|
|a системы автоматизации
|
| 610 |
1 |
|
|a средства автоматизации
|
| 610 |
1 |
|
|a энергоучёт
|
| 610 |
1 |
|
|a распределённые системы управления
|
| 610 |
1 |
|
|a теплосчётчики
|
| 610 |
1 |
|
|a учёт энергии
|
| 801 |
|
1 |
|a RU
|b 63413507
|c 20030326
|g PSBO
|
| 942 |
|
|
|c BK
|